[Event "WLS-chT"]
[Site "Wales"]
[Date "2023.05.21"]
[Round "5"]
[White "Llewellyn, David"]
[Black "May, Adam John"]
[Result "1/2-1/2"]
[WhiteElo "1956"]
[BlackElo "1908"]
[PlyCount "47"]
[EventDate "2023.02.19"]
[EventType "team-tourn"]
[EventRounds "5"]
[EventCountry "WLS"]
[SourceTitle "EXT 2024"]
[Source "ChessBase"]
[SourceDate "2023.10.10"]
[SourceVersion "1"]
[SourceVersionDate "2023.10.10"]
[SourceQuality "1"]
[WhiteTeam "Abergavenny"]
[BlackTeam "White Knights"]
[WhiteTeamCountry "WLS"]
[BlackTeamCountry "WLS"]

1. d4 d5 2. c4 e6 3. Nc3 Nf6 4. cxd5 exd5 5. Bg5 c6 6. e3 h6 7. Bh4 Be7 8. Bd3 0-0 9. Nge2 Re8 10. 0-0 Nbd7 11. f3 b5 12. Qc2 a5 13. Rae1 Bb7 14. h3 Rc8 15. Qb1 b4 16. Na4 c5 17. dxc5 Nxc5 18. Nxc5 Bxc5 19. Nd4 Qb6 20. Bf2 Ba6 21. Rc1 Bxd3 22. Qxd3 Bf8 23. Rc2 Rxc2 24. Qxc2 1/2-1/2

[Event "WLS-chT 1819"]
[Site "Wales"]
[Date "2018.12.02"]
[Round "2.10"]
[White "Llewellyn, David"]
[Black "Fathallah, Joe"]
[Result "1-0"]
[WhiteElo "1832"]
[BlackElo "1976"]
[PlyCount "69"]
[EventDate "2018.11.04"]
[EventType "team-tourn"]
[EventRounds "5"]
[EventCountry "WLS"]
[SourceTitle "EXT 2020"]
[Source "ChessBase"]
[SourceDate "2019.10.17"]
[SourceVersion "1"]
[SourceVersionDate "2019.10.17"]
[SourceQuality "1"]
[WhiteTeam "Abergavenny"]
[BlackTeam "Cardiff"]
[WhiteTeamCountry "WLS"]
[BlackTeamCountry "WLS"]

1. d4 f5 2. Bg5 h6 3. Bh4 g5 4. e4 Rh7 5. Qh5+ Rf7 6. Bxg5 hxg5 7. Nf3 Nf6 8. Qg6 Nxe4 9. Ne5 Nd6 10. h4 gxh4 11. Rxh4 e6 12. Nxf7 Nxf7 13. Rh7 Qe7 14. Be2 Nc6 15. Bh5 Ncd8 16. Nc3 d6 17. 0-0-0 c6 18. Qg8 Bd7 19. Re1 e5 20. dxe5 d5 21. e6 Bxe6 22. Ne2 Kd7 23. Nd4 Bh6+ 24. Kd1 Rc8 25. Qg6 Qg5 26. Qxg5 Bxg5 27. Nxe6 Nxe6 28. Rxf7+ Kd6 29. Rxf5 Rg8 30. Bf7 Nd4 31. Rxd5+ cxd5 32. Bxg8 a5 33. c3 Nb5 34. Re6+ Kc5 35. Re5 1-0

[Event "WLS-chT 1718"]
[Site "Wales"]
[Date "2018.01.21"]
[Round "3.17"]
[White "Van Kemenade, Rudy"]
[Black "Llewellyn, David"]
[Result "1-0"]
[WhiteElo "1969"]
[BlackElo "1828"]
[PlyCount "67"]
[EventDate "2017.10.22"]
[EventType "team-tourn"]
[EventRounds "5"]
[EventCountry "WLS"]
[SourceTitle "EXT 2020"]
[Source "ChessBase"]
[SourceDate "2019.10.17"]
[SourceVersion "1"]
[SourceVersionDate "2019.10.17"]
[SourceQuality "1"]
[WhiteTeam "Cardigan"]
[BlackTeam "Abergavenny"]
[WhiteTeamCountry "WLS"]
[BlackTeamCountry "WLS"]

1. e4 c5 2. Nf3 d6 3. Bb5+ Nd7 4. 0-0 Ngf6 5. Re1 a6 6. Bf1 Ne5 7. h3 b6 8. c3 Bb7 9. d4 Nxf3+ 10. Qxf3 g6 11. d5 Bg7 12. c4 b5 13. cxb5 0-0 14. Nc3 Nd7 15. Qg3 axb5 16. Bxb5 Ba6 17. Bxd7 Qxd7 18. Bf4 Rfb8 19. b3 c4 20. bxc4 Bxc4 21. Rab1 Rc8 22. e5 Bxa2 23. Nxa2 Rxa2 24. exd6 exd6 25. Bxd6 Bd4 26. Rf1 Rd8 27. Bc7 Re8 28. Rbd1 Ba7 29. Be5 Qf5 30. Bd4 Bb8 31. d6 Ra6 32. Bb2 Rd8 33. Qc3 f6 34. Qc4+ 1-0

[Event "WLS-chT 1617"]
[Site "Wales"]
[Date "2017.03.12"]
[Round "3.18"]
[White "Bevan, Peter M"]
[Black "Llewellyn, David"]
[Result "1-0"]
[WhiteElo "1913"]
[BlackElo "1828"]
[PlyCount "105"]
[EventDate "2016.10.02"]
[EventType "team-tourn"]
[EventRounds "5"]
[EventCountry "WLS"]
[SourceTitle "EXT 2019"]
[Source "ChessBase"]
[SourceDate "2018.10.10"]
[SourceVersion "1"]
[SourceVersionDate "2018.10.10"]
[SourceQuality "1"]
[WhiteTeam "White Knights"]
[BlackTeam "Abergavenny"]
[WhiteTeamCountry "WLS"]
[BlackTeamCountry "WLS"]

1. c4 b6 2. Nc3 Bb7 3. e4 e6 4. g3 f5 5. d3 Nf6 6. Bg2 Be7 7. Nge2 0-0 8. 0-0 Na6 9. e5 Bxg2 10. exf6 Bxf1 11. fxe7 Qxe7 12. Kxf1 e5 13. f4 e4 14. dxe4 fxe4 15. Qd5+ Kh8 16. Qxe4 Qf7 17. Qd5 Qg6 18. Qe4 Qh5 19. Kg2 Rae8 20. Qf3 Qc5 21. b3 c6 22. Qf2 Qe7 23. Bb2 Nc7 24. Nd4 b5 25. cxb5 cxb5 26. Ndxb5 Nxb5 27. Nxb5 Qe4+ 28. Kg1 Qb4 29. Nd4 Re4 30. a3 Qa5 31. b4 Qd5 32. Re1 Rfe8 33. Rxe4 Rxe4 34. Qd2 h6 35. Qc3 Re7 36. Qc8+ Kh7 37. Qc2+ Kh8 38. Qf5 Re8 39. Kf2 Qh1 40. Qh3 Qe1+ 41. Kf3 Re3+ 42. Kg4 Qd1+ 43. Kh4 g5+ 44. fxg5 Re4+ 45. g4 hxg5+ 46. Kxg5+ Kg8 47. Qb3+ Qxb3 48. Nxb3 Re2 49. Bd4 Ra2 50. h4 Rxa3 51. Nc5 d6 52. Ne4 Rd3 53. Bxa7 1-0